header

The princess in black and the mysterious playdate (Record no. 263020)

MARC details
000 -LEADER
fixed length control field 00254nam a22000977a 4500
020 ## - INTERNATIONAL STANDARD BOOK NUMBER
ISBN 9780763688264
100 ## - MAIN ENTRY--AUTHOR NAME
Personal name Shannon Hale
245 ## - TITLE STATEMENT
Title The princess in black and the mysterious playdate
260 ## - PUBLICATION, DISTRIBUTION, ETC. (IMPRINT)
Place of publication Somerville
Name of publisher Candlewick Press
Year of publication 2017
942 ## - ADDED ENTRY ELEMENTS (KOHA)
Koha item type Long Loan Books
Holdings
Withdrawn status Lost status Collection code Home library Current library Shelving location Date acquired Accession Number Koha item type
    Fiction Rongo University Library Rongo University Library Children's Area 27/02/2024 CL20222657 Long Loan Books

© 2026 Rongo University
Contact us: librarian | system librarian | Rongo university